000 00593nam a2200241Ia 4500
003 OSt
005 20221005035030.0
006 a|||||r|||| 00| 0
007 ta
008 221004b |||||||| |||| 00| 0 eng d
024 _a60396
037 _cTextual
040 _aCRL
_cCRL
_beng
041 _2eng
_aeng
082 _aY744:3, M2
100 _aSrinivas M N
245 0 _aIndia
_bSocial structure
260 _aDelhi
_bHindustan
_c1982
300 _a97p.
_ccm.
650 _aSOCIOLOGY
942 _hY744:3, M2
_cTEXL
_2cc
999 _c944510
_d944510